| 000 | 01333nam a2200373 c 4500 | ||
|---|---|---|---|
| 001 | 59762 | ||
| 003 | CO-BoRNBP | ||
| 005 | 20251105141236.0 | ||
| 007 | ta | ||
| 008 | 210809s2018 ck ao cr 000 0 spa d | ||
| 020 | _a9789583056659 | ||
| 040 |
_aCO-BoRNBP _bspa _erda _cCO-BoRNBP |
||
| 041 | 1 |
_aspa _hger |
|
| 082 | 0 | 4 |
_a567.91 _bG72d _222 |
| 100 |
_aGreschik, Stefan _eaut _966533 |
||
| 245 | 1 | 0 |
_aDinosaurios / _cStefan Greschik ; ilustraciones Franziska Lorens, Jochen Stuhrmann ; traducción del alemán Rodrigo Gil. |
| 250 | _aPrimera edición | ||
| 264 | 1 |
_aBogotá, Colombia : _bPanamericana Editorial, _c2018 |
|
| 300 |
_a54 páginas : _bilustraciones y fotografías a color |
||
| 336 |
_atexto _btxt _2rdacontent |
||
| 337 |
_asin mediación _bn _2rdamedia |
||
| 338 |
_avolumen _bnc _2rdacarrier |
||
| 490 | 0 | _aQué, cómo y por qué? | |
| 500 | _aIncluye hojas plegables | ||
| 521 | _aRecomendado para un público mayor de 12 años | ||
| 534 | _tDinosaúrier | ||
| 650 | 0 | 7 |
_aAnimales fósiles _vPreguntas y respuestas _2lemb _966534 |
| 650 | 0 | 7 |
_aDinosaurios _vPreguntas y respuestas _2lemb _966535 |
| 650 | 0 | 7 |
_aPaleontología _vPreguntas y respuestas _2LEMB _966536 |
| 700 |
_aGil, Rodrigo _etrl _966537 |
||
| 700 |
_aLorenz, Franzisca _eill _966538 |
||
| 700 |
_aStuhrmann, Jochen _eill _966539 |
||
| 942 |
_2ddc _cBK |
||
| 999 |
_c59762 _d59762 |
||